000
00326 a2200157 4500
001
23676
020
_a
9788599264294
040
_c
Anchieta - São Paulo/Itaigara
100
_a
Monet, Claude
240
1
0
_a
Claude Monet
_l
por
245
1
0
_a
Claude Monet
300
_a
96
362
0
_a
2007
650
4
_a
Pintura
942
_c
BK
999
_c
23676
_d
23676